| 000 | 00743nam a2200193 a 4500 | ||
|---|---|---|---|
| 005 | 20210223120426.0 | ||
| 008 | 991125s1990 mx 000 0 spa u | ||
| 035 | _aUPN01000000915 | ||
| 049 | _aCG | ||
| 050 | 4 |
_aJL960 _bS4.2 1990 |
|
| 111 | 2 |
_aSeminario Internacional de Antiguos Alumnos del INAP de España _n(3o : _d1990 : _cAlcalá de Henares, España) |
|
| 245 | 1 | 3 |
_aLa administración pública y el desarrollo regional / _ccomp. Víctor Manuel Martínez. |
| 260 |
_a[México] : _bAMEINAPE, _c1990. |
||
| 300 | _a277 p. | ||
| 440 | 0 |
_aColección de la biblioteca de administración pública. _pTestimonios y hechos |
|
| 650 | 4 |
_aADMINISTRACION PUBLICA - _zAMERICA LATINA _9638 |
|
| 700 | 1 |
_aMartínez, Víctor Manuel, _ecomp. |
|
| 905 | _aLibro | ||
| 999 |
_c915 _d915 |
||